000 00669cam a2200145 4500500
005 20260208005436.0
041 _afre
042 _adc
100 1 0 _aCochet, François
_eauthor
245 0 0 _aSherry Buchanan (éd.), Pham Thanh Tâm. Carnets de guerre d’un jeune viêt-minh à Diên-Biên-Phu, 21 février-28 août 1954, préface de Stéphane Audoin-Rouzeau, Paris, Armand Colin, 2011, 189 p., avant-propos de Jessica Harrison-Hall
260 _c2012.
500 _a12
786 0 _nRevue historique | 661 | 1 | 2012-04-17 | p. 169zo-258zo | 0035-3264
856 4 1 _uhttps://shs.cairn.info/revue-historique-2012-1-page-169zo?lang=fr&redirect-ssocas=7080
999 _c1652160
_d1652160